Neštandardné ozubené prevody

Enregistré dans:
Détails bibliographiques
Auteurs principaux: Bošanský, Miroslav, 1953- (Auteur), Vereš, Miroslav, 1947- (Auteur), Tököly, Pavol (Auteur), Vanya, Attila, 1985- (Auteur)
Autres auteurs: Rusnák, J. (Critique), Turza, J. (Critique), Gondár, Ernest, 1954- (Critique)
Format: Livre
Langue:slovaque
Publié: Bratislava : Nakladateľstvo STU, 2012
Édition:1. vyd.
Tags: Ajouter un tag
Pas de tags, Soyez le premier à ajouter un tag!

MARC

LEADER 00000nam a22000003a 4500
001 stu253824
005 20220317190609.5
008 120830s2012------------------------slo-d
020 |a 978-80-227-3713-5 
040 |a STU  |b slo 
041 0 |a slo 
080 |a 621.833.3 
100 1 |a Bošanský, Miroslav,  |d 1953-  |4 aut  |u J0030  |9 49  |U SjF Strojnícka fakulta  |T SjF Ústav dopravnej techniky a konštruovania  |X 2406  |U J0030  |Y 806  |7 A000002406 
245 1 |a Neštandardné ozubené prevody 
250 |a 1. vyd. 
260 |a Bratislava :  |b Nakladateľstvo STU,  |c 2012 
300 |a 159 s  |0 159 
700 1 |a Vereš, Miroslav,  |d 1947-  |4 aut  |u J0030  |9 25  |U SjF Strojnícka fakulta  |T SjF Ústav dopravnej techniky a konštruovania  |X 2404  |U J0030  |Y 806  |7 A000002404 
700 1 |a Tököly, Pavol  |4 aut  |9 21 
700 1 |a Vanya, Attila,  |d 1985-  |4 aut  |u J0030  |9 5  |U SjF Strojnícka fakulta  |T SjF Ústav dopravnej techniky a konštruovania  |X 69671  |U J0030  |Y 806  |7 A000069671 
700 1 |a Rusnák, J.  |4 rev 
700 1 |a Turza, J.  |4 rev 
700 1 |a Gondár, Ernest,  |d 1954-  |4 rev  |u J280  |U SjF Ústav technológií a materiálov  |T SjF Katedra materiálov a technológií  |X 2373  |U J0050  |Y 52  |7 A000002373 
996 |b 284J040372  |c J*115146  |l JJST  |s P  |a 0  |w stu253824_0001 
996 |b 284J040373  |c J*115147  |l JJSK  |s A  |a 24  |w stu253824_0002 
996 |b 284J040376  |c J*115150  |l JJSK  |s A  |a 24  |w stu253824_0003 
996 |b 284J040377  |c J*115151  |l JJSK  |s A  |a 24  |w stu253824_0004 
996 |b 284J040931  |c J*115703  |l JJSK  |s A  |a 24  |w stu253824_0005 
996 |b 284J040374  |c J*115148  |l JJSK  |s A  |a 24  |w stu253824_0006 
996 |b 284J040375  |c J*115149  |l JJSK  |s A  |a 24  |w stu253824_0007